000 01849nam a22002897a 4500
003 OSt
005 20260327132646.0
008 260325t2020 xxu||||| |||| 00| 0 spa d
020 _a9789942840103
040 _aUnicoc
_bspa
_c00001
_d00001
082 _a150.9
100 _912784
_aMartínez Suárez, Pedro C.
245 _aUna historia de las ciencias de la conducta
_c/ Pedro C. Martínez Suárez
250 _a1 Ed.
260 _aEcuador :
_bCentro de Estudio Sociales de América Latina ,
_c2020
300 _a160 páginas
440 _912785
_aColección ciencias sociales
500 _aIncluye referencias bibliográficas
505 _tCapítulo I: Contribuciones de un fisiólogo a un sistema sólido de Psicología del comportamiento, una aproximación desde la bibliometría: Iván Petrovich Pavlov como impulsor de una novedosa metodología de la conducta en el pensamiento científico actual. --
_tCapítulo II: Gestación del conductismo, una aproximación desde la geopolítica e historiografía conceptual de la ciencia: John Broadus Watson como agente de cambio en el pensamiento científico actual. --
_tCapítulo III: Burrhus Frederic Skinner: la cognición ante la conducta Skinner, promotor de un sistema conductista prolífico y evolutivo diversificado, una aproximación desde un análisis crítico. --
_tCapítulo IV: Vigotsky, más allá de Pensamiento y lenguaje Introducción entrando en la teoría de Vigotsky.
526 _5Unicoc
546 _aEspañol
650 0 _99335
_aConducta (Psicología)
_xHistoria
650 0 _912786
_aConducta humana
658 0 _910741
_aPrograma de Psicología
856 _uhttps://unicoceduco-my.sharepoint.com/:b:/g/personal/direccionbiblioteca_unicoc_edu_co/IQDkdsJitEYWTaQ2TgJ_S4aAAVlK9zOoowXE6QOHVLMNGrs
_yAcceso online exclusivo para comunidad Unicoc
942 _2ddc
_cEBOOK
999 _c10777
_d10777